00288nam a2200097Ia 4500008004100000100002000041245005600061245002300117260000900140856004100149160531s9999 xx 000 0 und d aChaudhuri, A.K. 2aA short course on Relativistic Heavy Ion Collisions cby A. K. Chaudhuri c2012 uhttp://arxiv.org/pdf/1207.7028v1.pdf